Статистические свойства электрической прочности управляемых вакуумных разрядников; Приборы и техника эксперимента; № 1

Dettagli Bibliografici
Parent link:Приборы и техника эксперимента/ Российская академия наук.— , 1956-.— 0032-8162
№ 1.— 2004.— с. 71-76
Autore principale: Алфёров Д. Ф.
Altri autori: Невровский В. А., Сидоров В. А.
Lingua:russo
Pubblicazione: 2004
Serie:Электроника и радиотехника
Soggetti:
Natura: MixedMaterials Capitolo di libro
KOHA link:https://koha.lib.tpu.ru/cgi-bin/koha/opac-detail.pl?biblionumber=427247

MARC

LEADER 00000naa2a2200000 4500
001 427247
005 20231101074629.0
035 |a (RuTPU)RU\TPU\prd\86371 
035 |a RU\TPU\prd\27667 
090 |a 427247 
100 |a 20100906a2004 k y0rusy50 ca 
101 0 |a rus 
102 |a RU 
200 1 |a Статистические свойства электрической прочности управляемых вакуумных разрядников  |f Д. Ф. Алфёров, В. А. Невровский, В. А. Сидоров 
225 1 |a Электроника и радиотехника 
320 |a Библиогр.: 10 назв. 
461 1 |0 (RuTPU)RU\TPU\prd\300  |x 0032-8162  |t Приборы и техника эксперимента  |f Российская академия наук  |d 1956- 
463 1 |0 (RuTPU)RU\TPU\prd\86361  |t № 1  |v с. 71-76  |d 2004 
610 1 |a вакуумные разрядники 
610 1 |a управляемые вакуумные разрядники 
610 1 |a электрическая прочность 
610 1 |a статистические свойства 
610 1 |a измерения 
610 1 |a вакуумные пробои 
610 1 |a коммутирующие устройства 
610 1 |a фукция распределения 
675 |a 621.387.35  |v 3 
700 1 |a Алфёров  |b Д. Ф. 
701 1 |a Невровский  |b В. А. 
701 1 |a Сидоров  |b В. А. 
801 1 |a RU  |b 63413507  |c 20040909  |g PSBO 
801 2 |a RU  |b 63413507  |c 20100907  |g RCR 
942 |c BK